000 01203nam a22003617a 4500
003 CHAP
005 20220817042706.0
008 971013s1994 r 00010 d
010 _a52400
011 _a53372
035 _a57522
040 _cCHAP
082 _a574.5
_bF3f v.14
110 _aFAO
245 _aDéveloppement des terres arides et lutte contre la désertification
_b: etude bibliographique des expériences des pays de la CEI
260 _aRome :
_bFAO,
_c1994
300 _a207 p.
_b: ilus.
490 _aFAO. Guía de medio ambiente
_v; 14
590 _aBATCH-UPD
_b10
_c20130110
_lUCH01
_h0642
590 _aBATCH-UPD
_b10
_c20130110
_lUCH01
_h2335
590 _aBATCH-UPD
_b10
_c20130410
_lUCH01
_h0326
590 _aBATCH-UPD
_b10
_c20130914
_lUCH01
_h1158
590 _aCONVERSION
_b10
_c20130109
_lUCH01
_h1328
650 1 4 _aDesertificación.
_932128
650 1 4 _aRegiones áridas.
_995669
700 0 _aPlit, Florian.
_989188
700 0 _aPlit, Joanna.
_989189
700 0 _aZakowski, Wladyslaw.
_9123455
830 0 _aFAO. Guía de medio ambiente
_v; 14
_939579
901 _aBK
942 _cLIBRO
949 _a574.5 F3f v.14
_bBC
_cFAO
_d33724000396693
_eFAO1
_h89742
_i57522
_si
999 _c52400
_d52400